Over/Under 100 Calories Quiz Stats

 Plays Quiz Updated Dec 3, 2014

Also try: Any Food but Vegan
Challenge
Share
Tweet
Embed
Score 0/56 Timer 08:00
1 Play Today
Food O/U? % Correct
Big Mac???
88.6%
Pepperoni Pizza (Slice)???
87.1%
Pecan Pie (Slice)???
86.6%
Snickers Bar???
86.4%
Cheese Croissant???
85.1%
Coca-Cola???
84.7%
Sirloin Steak (Cooked)???
84.6%
Hostess Twinkie???
84.3%
Regular Beer???
82.8%
Water???
82.7%
Bacon (Cooked)???
82.1%
Doritos (Regular)???
82%
Cadbury Cream Egg???
82%
Guinness (Draft)???
81.6%
Hot Dog (Oscar Mayer Beef)???
81.5%
Nutella???
79.4%
Asparagus???
78.2%
Plain Bagel (Panera)???
78.1%
Sprite???
77.4%
Peanut Butter???
77.2%
Salt (Table)???
75.8%
Watermelon (Slice)???
75.1%
Lobster (Cooked)???
73.9%
Baked Potato (with Skin)???
73.3%
Apple???
72.9%
Coffee (Black, Brewed)???
72.9%
Strawberries???
71.4%
Pancake (Plain, Prepared)???
71.1%
Food O/U? % Correct
Ketchup???
66.7%
Egg (Raw)???
65.6%
Salmon (Atlantic, Cooked)???
61.3%
Honey???
58.3%
Banana???
57.8%
Chicken Breast (Skinless)???
57.8%
Avocado (Sliced)???
57.2%
Rice (White, Steamed)???
55%
Couscous (Cooked)???
54.1%
Instant Oatmeal (Plain, Cooked)???
53.9%
Skinless Roast Turkey Breast???
53.3%
Sugar (Brown)???
52.8%
2% Milk???
51.4%
Sugar (White)???
50.9%
Cottage Cheese (1%)???
50%
Grape Juice (Unsweetened)???
47.3%
Bread (Wheat, w/Crust)???
45.8%
Wonton Soup???
43.7%
Corn On The Cob???
42.6%
Olive Oil (Extra Virgin)???
41.4%
Bread (White, w/Crust)???
39.5%
Prunes???
36.9%
Red Wine???
35%
Raisins???
34.6%
Jack Daniels???
34.4%
Skittles (Fun Size Bag)???
27.7%
Baked Beans (Heinz)???
25.6%
Gatorade Orange (Regular)???
24.6%

You're not logged in!

Compare scores with friends on all Sporcle quizzes.
Join for Free
OR
Log In

You Might Also Like...

Show Comments

Extras

Top Quizzes Today


Score Distribution

Your Account Isn't Verified!

In order to create a playlist on Sporcle, you need to verify the email address you used during registration. Go to your Sporcle Settings to finish the process.

Report this User

Report this user for behavior that violates our Community Guidelines.

Details: